000 01127nam a22003257a 4500
001 BR8701503
003 BR-BrBNA
005 20230928092421.0
007 ta
008 230509b bl.||||| |||| 00| 0 por d
040 _aBR-BrBNA
_bpor
_cBiblioteca Nacional de Agricultura
041 _a(Por)
072 _aF01
_b0336
_b/G514
090 _ 0336 BR8701503
100 1 _aBays, I.A.
100 1 _aAnjos, R.
110 1 _aInstituto de Pesquisas e Experimentacao Agropecuarias do Sul, Cacador, SC (Brasil). Estacao Experimental de Rio Cacador
_96186
245 1 _aSoja e experimentacao com soja em Santa Catarina; relatorio tecnico [variedade, pesquisa agricola, Brasil]
260 3 _aCacador, SC (Brasil):
_c[nd].
300 _a62 p.
500 _aPublished 1970? (*) Documento disponível na(o) Empresa Catarinense de Pesquisa Agropecuaria S.A., Florianopolis, SC (Brazil)
650 _aPRODUCAO VEGETAL
650 _aSOJA
650 _aMELHORAMENTO GENETICO VEGETAL
650 _aVARIEDADE
650 _aPESQUISA AGRICOLA
650 _aSANTA CATARINA
909 _a202309
_bLucia
_c55
_dLucia Elande
942 _cBK
999 _c38936
_d38936